Peppa Pig : Daddy Pig's Words of Wisdom / (Record no. 48571)
| 000 -LEADER | |
|---|---|
| fixed length control field | 00329nam a2200109 4500 |
| 020 ## - INTERNATIONAL STANDARD BOOK NUMBER | |
| International Standard Book Number | 9780241249888 |
| 245 ## - TITLE STATEMENT | |
| Title | Peppa Pig : Daddy Pig's Words of Wisdom / |
| Statement of responsibility, etc | created by Neville Astley. |
| 260 ## - PUBLICATION, DISTRIBUTION, ETC. (IMPRINT) | |
| Place of publication, distribution, etc | UK. : |
| Name of publisher, distributor, etc | Penguin Random House ; |
| Date of publication, distribution, etc | 2016. |
| 300 ## - PHYSICAL DESCRIPTION | |
| Extent | unapged. |
| Dimensions | 5.63 x 0.35 x 7.13 inches. |
| 490 ## - SERIES STATEMENT | |
| Series statement | Peppa Pig |
| 942 ## - ADDED ENTRY ELEMENTS (KOHA) | |
| Source of classification or shelving scheme | |
| Koha item type | Book |
| Withdrawn status | Lost status | Source of classification or shelving scheme | Damaged status | Not for loan | Home library | Current library | Date acquired | Total Checkouts | Full call number | Barcode | Date last seen | Date checked out | Price effective from | Koha item type |
|---|---|---|---|---|---|---|---|---|---|---|---|---|---|---|
| Logos International School | Logos International School | 03/11/2025 | 1 | E PEP | 040499 | 03/09/2026 | 03/28/2025 | 03/11/2025 | Book |